Click "Do Not Travel" Countries for U.S. Citizens - Statistics

General Stats
  • This quiz has been taken 91 times
  • The average score is 19 of 20
Answers on the Map
Answers color-coded by a green-red scale on the quiz's map according to % correct below.
 
Answer Stats
Answer % Correct
Russia
98%
Sudan
98%
Venezuela
98%
North Korea
96%
Ukraine
96%
Afghanistan
95%
Central African Republic
95%
Somalia
95%
Yemen
95%
Mali
94%
Myanmar
94%
Belarus
93%
Haiti
93%
Iran
93%
Lebanon
93%
Libya
93%
South Sudan
93%
Iraq
90%
Syria
88%
Burkina Faso
85%
No matching quizzes found
Score Distribution
Percent of People with Each Score
Percentile by Number Answered
Your Score History
You have not taken this quiz